Familles les plus riches de France 2025 - Statistiques

Statistiques générales
  • Ce quiz a été pris 9 fois
  • Le résultat moyen est 3 sur 10
Statistiques - réponses
Hint Réponse % Correct
LVMH Bernard Arnault
100%
L'Oréal Françoise Bettencourt Meyers
33%
Kering François Pinault
33%
CMA CGM Rodolphe Saadé
33%
Chanel Alain et Gérard Wertheimer
17%
Lactalis Emmanuel Besnier
17%
Hermès international Famille Hermès
17%
Groupe Mulliez Gérard Mulliez
17%
Groupe Dassault Laurent Marie-Hélène et Thierry Dassault
17%
Iliad Xavier Niel
17%
Aucun quiz correspondant
Distribution des résultats
% des personnes avec chaque résultat
Percentile par nombre de réponses
Votre historique - résultats
Vous n’avez pas pris ce quiz